[Event "Titled Tuesday intern op 26th Sep Late"]
[Site "Chess.com INT"]
[Date "2023.09.26"]
[Round "9"]
[White "Galego, Luis"]
[Black "He, Anthony B"]
[Result "0-1"]
[WhiteElo "2468"]
[BlackElo "2515"]
[PlyCount "54"]
[EventDate "2023.09.26"]
[EventType "swiss (blitz)"]
[EventRounds "11"]
[EventCountry "USA"]
[SourceTitle "EXT 2024"]
[Source "ChessBase"]
[SourceDate "2023.10.10"]
[SourceVersion "1"]
[SourceVersionDate "2023.10.10"]
[SourceQuality "1"]

1. e4 c5 2. f4 d5 3. exd5 Qxd5 4. Nc3 Qd8 5. Nf3 Nc6 6. Bb5 Bd7 7. 0-0 e6 8. d3 Nge7 9. Ne4 Nd5 10. c3 Be7 11. Bxc6 Bxc6 12. Ne5 Rc8 13. f5 exf5 14. Rxf5 0-0 15. Nxc6 Rxc6 16. Qf3 Nf6 17. Nxf6+ Bxf6 18. Bf4 Qb6 19. Qf2 Rd8 20. Re1 h6 21. Be5 Bxe5 22. Rexe5 f6 23. Re3 Rcd6 24. h3 Rxd3 25. Rxd3 Rxd3 26. Rxc5 Rd1+ 27. Kh2 Qd6+ 0-1

[Event "Titled Tuesday intern op 26th Sep Late"]
[Site "Chess.com INT"]
[Date "2023.09.26"]
[Round "4"]
[White "He, Anthony B"]
[Black "Goltsev, Dmitry"]
[Result "1-0"]
[WhiteElo "2515"]
[BlackElo "2215"]
[PlyCount "119"]
[EventDate "2023.09.26"]
[EventType "swiss (blitz)"]
[EventRounds "11"]
[EventCountry "USA"]
[SourceTitle "EXT 2024"]
[Source "ChessBase"]
[SourceDate "2023.10.10"]
[SourceVersion "1"]
[SourceVersionDate "2023.10.10"]
[SourceQuality "1"]

1. d4 Nf6 2. c4 e6 3. Nc3 Bb4 4. Qc2 d5 5. cxd5 exd5 6. Bg5 c6 7. e3 0-0 8. Bd3 h6 9. Bh4 Re8 10. Nge2 Bd6 11. 0-0 Bxh2+ 12. Kh1 Bc7 13. e4 dxe4 14. Nxe4 g5 15. Bg3 Nxe4 16. Bxe4 f5 17. Bxc7 Qxc7 18. Bd3 f4 19. Rae1 Bg4 20. Nc3 Rxe1 21. Rxe1 Na6 22. Bxa6 bxa6 23. Qg6+ Qg7 24. Qxc6 Rf8 25. Nd5 Rf7 26. Re8+ Kh7 27. Qc4 f3 28. g3 Bf5 29. Ne3 Qg6 30. d5 Bd7 31. Re5 Qb1+ 32. Kh2 Qxb2 33. Qe4+ Kg7 34. Nd1 Qd2 35. Qe1 Qxe1 36. Rxe1 Rf5 37. Re7+ Rf7 38. Re3 Bb5 39. Nc3 Bc4 40. Re4 Bd3 41. Rd4 Be2 42. d6 Rd7 43. Ne4 Kf7 44. Nc5 Rd8 45. d7 Bb5 46. a4 Bc6 47. Rd6 Ba8 48. Rxa6 Ke7 49. Rxa7 Bc6 50. a5 g4 51. a6 Rb8 52. Rc7 Kd6 53. Rc8 Bxd7 54. Rxb8 Kxc5 55. a7 Bc6 56. Rc8 Kd5 57. Rxc6 Kxc6 58. a8Q+ Kd6 59. Qe4 h5 60. Qg6+ 1-0

[Event "Titled Tuesday intern op 26th Sep Late"]
[Site "Chess.com INT"]
[Date "2023.09.26"]
[Round "1"]
[White "Meduri, Aakaash"]
[Black "He, Anthony B"]
[Result "0-1"]
[WhiteElo "1993"]
[BlackElo "2515"]
[PlyCount "64"]
[EventDate "2023.09.26"]
[EventType "swiss (blitz)"]
[EventRounds "11"]
[EventCountry "USA"]
[SourceTitle "EXT 2024"]
[Source "ChessBase"]
[SourceDate "2023.10.10"]
[SourceVersion "1"]
[SourceVersionDate "2023.10.10"]
[SourceQuality "1"]

1. d4 Nf6 2. Bf4 c5 3. e3 d5 4. dxc5 Nc6 5. Bb5 e6 6. b4 a5 7. c3 Ne4 8. Nf3 Bd7 9. Bxc6 Bxc6 10. 0-0 axb4 11. cxb4 Be7 12. Nbd2 Nc3 13. Qb3 Ne2+ 14. Kh1 d4 15. Qd3 Nxf4 16. exf4 Bf6 17. b5 Bd5 18. a4 Qc7 19. g3 Qxc5 20. Rfc1 Qd6 21. Kg1 0-0 22. a5 h6 23. Ra4 Rfc8 24. Rxc8+ Rxc8 25. Nxd4 Rc1+ 26. Nf1 Qc5 27. Ne2 Bc4 28. Qd2 Rb1 29. a6 Qxb5 30. Ra5 Qc6 31. a7 Rxf1+ 32. Kxf1 Qh1# 0-1

[Event "Titled Tuesday intern op 26th Sep Late"]
[Site "Chess.com INT"]
[Date "2023.09.26"]
[Round "3"]
[White "Pakleza, Zbigniew"]
[Black "He, Anthony B"]
[Result "1-0"]
[WhiteElo "2482"]
[BlackElo "2515"]
[PlyCount "63"]
[EventDate "2023.09.26"]
[EventType "swiss (blitz)"]
[EventRounds "11"]
[EventCountry "USA"]
[SourceTitle "EXT 2024"]
[Source "ChessBase"]
[SourceDate "2023.10.10"]
[SourceVersion "1"]
[SourceVersionDate "2023.10.10"]
[SourceQuality "1"]

1. d4 Nf6 2. Nf3 d5 3. Bf4 c5 4. c3 Nc6 5. Nbd2 Bf5 6. e3 e6 7. Qb3 Qc8 8. Nh4 Bg4 9. h3 Bh5 10. g4 Bg6 11. Nxg6 hxg6 12. Bg2 Be7 13. 0-0 Qd7 14. dxc5 Bxc5 15. c4 d4 16. Rad1 0-0 17. Nf3 Rad8 18. exd4 Bxd4 19. Be3 e5 20. Nxe5 Nxe5 21. Rxd4 Qe6 22. c5 Nc6 23. Qxe6 fxe6 24. Rd6 Rxd6 25. cxd6 Rd8 26. Rd1 Rd7 27. f4 Kf7 28. a3 a6 29. b4 Ne8 30. Bc5 Nc7 31. Bxc6 bxc6 32. dxc7 1-0

[Event "Redmond PNWCC Artist 2"]
[Site "Redmond"]
[Date "2023.09.02"]
[Round "6.4"]
[White "He, Anthony B"]
[Black "Novik, Maxim"]
[Result "1-0"]
[WhiteElo "2515"]
[BlackElo "2385"]
[PlyCount "117"]
[EventDate "2023.08.29"]
[EventType "schev"]
[EventRounds "10"]
[EventCountry "USA"]
[SourceTitle "EXT 2024"]
[Source "ChessBase"]
[SourceDate "2023.10.10"]
[SourceVersion "1"]
[SourceVersionDate "2023.10.10"]
[SourceQuality "1"]
[WhiteTeam "Challengers"]
[BlackTeam "Masters"]
[WhiteTeamCountry "USA"]
[BlackTeamCountry "USA"]

1. e4 e5 2. Nf3 Nc6 3. Bc4 Bc5 4. d3 Nf6 5. Bg5 h6 6. Bh4 Be7 7. Bg3 d6 8. c3 0-0 9. 0-0 Re8 10. Nbd2 Bf8 11. b4 Nh5 12. Nxe5 Rxe5 13. Bxe5 Nxe5 14. Bxf7+ Nxf7 15. Qxh5 a5 16. a3 Ne5 17. Qe2 g5 18. d4 Ng6 19. Nc4 Nf4 20. Qc2 b6 21. g3 Nh3+ 22. Kg2 g4 23. bxa5 bxa5 24. Nd2 Ng5 25. h4 gxh3+ 26. Kh2 Bg7 27. Rae1 Nf7 28. f4 h5 29. f5 Nh6 30. Kxh3 Ng4 31. Qa2+ Kf8 32. Nf3 Ba6 33. Rh1 Bh6 34. Kg2 Qe8 35. Qe6 Bd3 36. Nh4 Rb8 37. Ng6+ Kg7 38. Nf4 Bxf4 39. gxf4 Qxe6 40. fxe6 Rh8 41. Rh3 Bc4 42. f5 Kf6 43. Reh1 Kg5 44. Kg3 Bd3 45. e7 Nf6 46. e5 Ne8 47. f6 Bg6 48. Rf1 Bf7 49. e6 Bxe6 50. f7 Bxh3 51. f8Q Bxf1 52. Qxh8 Bb5 53. d5 Bd7 54. Qd4 a4 55. Qh8 Nf6 56. Qd8 h4+ 57. Kh2 Be8 58. Qxc7 Nxd5 59. Qa5 1-0

[Event "Redmond PNWCC Schev 1"]
[Site "Redmond"]
[Date "2023.08.23"]
[Round "8.3"]
[White "Novik, Maxim"]
[Black "He, Anthony B"]
[Result "0-1"]
[WhiteElo "2410"]
[BlackElo "2501"]
[PlyCount "64"]
[EventDate "2023.08.19"]
[EventType "schev"]
[EventRounds "10"]
[EventCountry "USA"]
[SourceTitle "EXT 2024"]
[Source "ChessBase"]
[SourceDate "2023.10.10"]
[SourceVersion "1"]
[SourceVersionDate "2023.10.10"]
[SourceQuality "1"]
[WhiteTeam "Masters"]
[BlackTeam "Challengers"]
[WhiteTeamCountry "USA"]
[BlackTeamCountry "USA"]

1. d4 Nf6 2. c4 e6 3. Nc3 Bb4 4. e3 0-0 5. Bd3 d5 6. a3 Bxc3+ 7. bxc3 dxc4 8. Bxc4 c5 9. Ne2 Qc7 10. Ba2 b6 11. 0-0 Ba6 12. Re1 Rd8 13. Bb2 Nc6 14. Rc1 Na5 15. Ng3 Bc4 16. Bb1 Nb3 17. Rc2 e5 18. f3 Rd7 19. Rf2 cxd4 20. cxd4 exd4 21. exd4 Rad8 22. Nf5 Nd5 23. Rc2 b5 24. Rf2 a5 25. Qc2 g6 26. Ng3 Re7 27. Re4 f5 28. Rxe7 Qxe7 29. Qd1 Rd7 30. Be4 fxe4 31. fxe4 Nf6 32. Qf3 Nxe4 0-1

[Event "Redmond PNWCC Schev 1"]
[Site "Redmond"]
[Date "2023.08.22"]
[Round "7.3"]
[White "He, Anthony B"]
[Black "Novik, Maxim"]
[Result "1-0"]
[WhiteElo "2501"]
[BlackElo "2410"]
[PlyCount "83"]
[EventDate "2023.08.19"]
[EventType "schev"]
[EventRounds "10"]
[EventCountry "USA"]
[SourceTitle "EXT 2024"]
[Source "ChessBase"]
[SourceDate "2023.10.10"]
[SourceVersion "1"]
[SourceVersionDate "2023.10.10"]
[SourceQuality "1"]
[WhiteTeam "Challengers"]
[BlackTeam "Masters"]
[WhiteTeamCountry "USA"]
[BlackTeamCountry "USA"]

1. e4 c5 2. Nf3 Nc6 3. Bb5 g6 4. Bxc6 dxc6 5. d3 Bg7 6. 0-0 Bg4 7. Nbd2 Nf6 8. h3 Bxf3 9. Qxf3 Nd7 10. Qg3 Nf8 11. f4 Ne6 12. Nc4 b5 13. Ne3 c4 14. dxc4 bxc4 15. c3 Qb6 16. Qf2 Qa6 17. Qe2 Nc5 18. Nxc4 0-0 19. f5 Nb3 20. axb3 Qxa1 21. Bg5 Qa2 22. Bxe7 Rfe8 23. f6 Qxb3 24. Nd6 Qe6 25. Nxe8 Rxe8 26. Qd2 a5 27. Qf4 a4 28. e5 Qb3 29. Kh2 Qe6 30. Bd6 Bh8 31. Qxa4 Qd7 32. Rf4 h5 33. c4 Re6 34. c5 Kh7 35. Rb4 Re8 36. Qb3 Kh6 37. Rb8 Rxb8 38. Qxb8 Kh7 39. Qc7 Qf5 40. Qxf7+ Kh6 41. Qc4 g5 42. Bf8+ 1-0

[Event "Titled Tuesday intern op 15th Aug Early"]
[Site "Chess.com INT"]
[Date "2023.08.15"]
[Round "4"]
[White "Dubov, Daniil"]
[Black "He, Anthony B"]
[Result "1-0"]
[WhiteElo "2716"]
[BlackElo "2501"]
[PlyCount "83"]
[EventDate "2023.08.15"]
[EventType "swiss (blitz)"]
[EventRounds "11"]
[EventCountry "USA"]
[SourceTitle "EXT 2024"]
[Source "ChessBase"]
[SourceDate "2023.10.10"]
[SourceVersion "1"]
[SourceVersionDate "2023.10.10"]
[SourceQuality "1"]

1. d4 Nf6 2. Nf3 g6 3. c4 Bg7 4. Nc3 d5 5. Bg5 Ne4 6. Bf4 Nxc3 7. bxc3 c5 8. e3 0-0 9. cxd5 cxd4 10. exd4 Qxd5 11. Be2 Nc6 12. 0-0 Bf5 13. Re1 Rfd8 14. Bc7 Rd7 15. Bg3 Rc8 16. Nd2 Qa5 17. Rc1 e5 18. Nb3 Qxa2 19. d5 Na5 20. Nxa5 Qxa5 21. c4 e4 22. Qb3 Qc5 23. Bf4 b6 24. g4 Bd4 25. Be3 Bxg4 26. Bxg4 f5 27. Be2 Bxe3 28. Qxe3 Qd6 29. Qd4 Re7 30. Bf1 h5 31. Rc2 Kh7 32. Rce2 Rce8 33. Kh1 h4 34. Re3 Qf4 35. Qd2 g5 36. f3 Kh6 37. Qc3 Re5 38. Bh3 g4 39. fxg4 fxg4 40. Bf1 h3 41. Qd2 Kh5 42. Rxh3+ 1-0

[Event "Titled Tuesday intern op 08th Aug Late"]
[Site "Chess.com INT"]
[Date "2023.08.08"]
[Round "2"]
[White "Altman, Joshua"]
[Black "He, Anthony B"]
[Result "0-1"]
[WhiteElo "2163"]
[BlackElo "2501"]
[PlyCount "108"]
[EventDate "2023.08.08"]
[EventType "swiss (blitz)"]
[EventRounds "11"]
[EventCountry "USA"]
[SourceTitle "EXT 2024"]
[Source "ChessBase"]
[SourceDate "2023.10.10"]
[SourceVersion "1"]
[SourceVersionDate "2023.10.10"]
[SourceQuality "1"]

1. d4 Nf6 2. c4 g6 3. Nc3 d5 4. Bg5 Ne4 5. Bh4 Nxc3 6. bxc3 dxc4 7. e3 Be6 8. Rb1 b6 9. Nf3 Bg7 10. Be2 0-0 11. Nd2 c5 12. Nxc4 Nc6 13. 0-0 cxd4 14. cxd4 Rc8 15. Rc1 Qd7 16. h3 Rfd8 17. Qd2 Bd5 18. Rfd1 Qb7 19. Bf1 Rd7 20. Bg3 Be4 21. Qe1 Rcd8 22. Nd2 Bd5 23. Bc4 e5 24. Bxd5 Rxd5 25. dxe5 Bxe5 26. Ne4 Bg7 27. Rxd5 Rxd5 28. Nd6 Qd7 29. Ne4 h5 30. Qe2 Ne5 31. Bxe5 Bxe5 32. Qf3 Kg7 33. g3 Qxh3 34. Qxf7+ Kxf7 35. Ng5+ Ke7 36. Nxh3 Rd2 37. Nf4 Bxf4 38. exf4 Rxa2 39. Rc6 Kf7 40. Kg2 b5 41. Kh3 b4 42. f3 b3 43. Rc7+ Kf6 44. Rb7 b2 45. g4 a5 46. Rb6+ Ke7 47. gxh5 gxh5 48. Kh4 a4 49. Kxh5 a3 50. Kg6 Ra1 51. Rb7+ Kd6 52. f5 b1Q 53. Rxb1 Rxb1 54. f6 a2 0-1

[Event "Titled Tuesday intern op 08th Aug Late"]
[Site "Chess.com INT"]
[Date "2023.08.08"]
[Round "1"]
[White "He, Anthony B"]
[Black "Ibadov, Dashgyn"]
[Result "1-0"]
[WhiteElo "2501"]
[BlackElo "2360"]
[PlyCount "41"]
[EventDate "2023.08.08"]
[EventType "swiss (blitz)"]
[EventRounds "11"]
[EventCountry "USA"]
[SourceTitle "EXT 2024"]
[Source "ChessBase"]
[SourceDate "2023.10.10"]
[SourceVersion "1"]
[SourceVersionDate "2023.10.10"]
[SourceQuality "1"]

1. d4 Nf6 2. Nc3 d5 3. Bf4 a6 4. e3 e6 5. g4 c5 6. g5 Ne4 7. Nxe4 dxe4 8. Bg2 cxd4 9. exd4 Nc6 10. c3 Qd5 11. Qe2 Be7 12. Bxe4 Qd8 13. Nf3 0-0 14. h4 Bd6 15. Qe3 Ne7 16. c4 Qa5+ 17. Kf1 Bxf4 18. Qxf4 Bd7 19. h5 Rac8 20. h6 Ng6 21. Qh2 1-0

[Event "Titled Tuesday intern op 01st Aug Late"]
[Site "Chess.com INT"]
[Date "2023.08.01"]
[Round "2"]
[White "He, Anthony B"]
[Black "Vlassov, Nikolai"]
[Result "1-0"]
[WhiteElo "2501"]
[BlackElo "2283"]
[PlyCount "147"]
[EventDate "2023.08.01"]
[EventType "swiss (blitz)"]
[EventRounds "11"]
[EventCountry "USA"]
[SourceTitle "EXT 2024"]
[Source "ChessBase"]
[SourceDate "2023.10.10"]
[SourceVersion "1"]
[SourceVersionDate "2023.10.10"]
[SourceQuality "1"]

1. d4 Nf6 2. Nc3 d5 3. Bf4 e6 4. Nb5 Na6 5. e3 c6 6. Nc3 Bb4 7. Bd3 0-0 8. Nf3 c5 9. Bxa6 bxa6 10. 0-0 Bxc3 11. bxc3 Ne4 12. c4 dxc4 13. dxc5 Bb7 14. Qd4 Qd5 15. Rab1 Bc6 16. Ne5 f6 17. Nxc6 Qxc6 18. Qxc4 Nd2 19. Qd3 Nxf1 20. Bd6 Nxe3 21. Qxe3 Rfe8 22. h4 Rad8 23. h5 h6 24. Rd1 Rd7 25. f4 Rb7 26. Kh2 Rb4 27. c3 Qe4 28. Qg3 Rc4 29. Rd2 Qf5 30. Qf3 Rd8 31. Rb2 Qe4 32. Qg3 Kh7 33. Qg4 Rxc3 34. Re2 Qf5 35. Qxf5+ exf5 36. Re7 Kg8 37. Rxa7 Ra3 38. Be7 Rc8 39. c6 Rxc6 40. Bxa3 Rc2 41. Rxa6 Rxa2 42. Ra7 Rf2 43. Kg3 Rf1 44. Be7 Rh1 45. Ra8+ Kh7 46. Bf8 Rxh5 47. Ra7 Kg8 48. Bxg7 Rh1 49. Bxf6 h5 50. Rg7+ Kf8 51. Rg5 Kf7 52. Be5 Ke6 53. Kf3 h4 54. Rg6+ Ke7 55. Rf6 h3 56. gxh3 Rxh3+ 57. Kg2 Rb3 58. Rxf5 Ke6 59. Rf6+ Kd5 60. Rd6+ Ke4 61. Rd4+ Kf5 62. Kf2 Rb2+ 63. Ke3 Rb3+ 64. Rd3 Rb4 65. Rd6 Rb3+ 66. Kd4 Rb4+ 67. Kc5 Rb1 68. Rf6+ Ke4 69. Rf8 Rc1+ 70. Kd6 Rd1+ 71. Ke6 Rb1 72. Bd6 Rh1 73. f5 Rh7 74. f6 1-0

[Event "Titled Tuesday intern op 01st Aug Late"]
[Site "Chess.com INT"]
[Date "2023.08.01"]
[Round "7"]
[White "Morefield, Jason P"]
[Black "He, Anthony B"]
[Result "1/2-1/2"]
[WhiteElo "2226"]
[BlackElo "2501"]
[PlyCount "180"]
[EventDate "2023.08.01"]
[EventType "swiss (blitz)"]
[EventRounds "11"]
[EventCountry "USA"]
[SourceTitle "EXT 2024"]
[Source "ChessBase"]
[SourceDate "2023.10.10"]
[SourceVersion "1"]
[SourceVersionDate "2023.10.10"]
[SourceQuality "1"]

1. e4 c5 2. Nf3 Nc6 3. Bb5 g6 4. Bxc6 bxc6 5. 0-0 Bg7 6. Re1 Nh6 7. d3 0-0 8. Nbd2 d6 9. h3 f5 10. Nc4 Nf7 11. e5 Rb8 12. Bf4 Qc7 13. Qd2 Ba6 14. exd6 exd6 15. c3 Qd7 16. Re2 Rbe8 17. Rae1 Rxe2 18. Qxe2 Rd8 19. Qe7 Bf8 20. Qxd7 Rxd7 21. Re8 h6 22. h4 Kg7 23. b3 Be7 24. d4 g5 25. hxg5 hxg5 26. Be3 f4 27. Bd2 Bf6 28. g3 g4 29. Nh4 cxd4 30. cxd4 fxg3 31. Nf5+ Kg6 32. Nxg3 Bxd4 33. Rg8+ Kh7 34. Rxg4 c5 35. Rh4+ Kg8 36. Kg2 Bb7+ 37. Kh3 d5 38. Ne3 Bc8 39. Kg2 Bf6 40. Rg4+ Kf8 41. Nh5 Be5 42. Ra4 Bb7 43. Kg1 Ng5 44. Ng4 Nf3+ 45. Kg2 d4 46. Nxe5 Nxe5+ 47. Kf1 Bc6 48. Ra5 Rh7 49. Ng3 Nf3 50. Bf4 a6 51. Rxc5 Bb5+ 52. Kg2 Ne1+ 53. Kg1 Rh4 54. Rc8+ Kf7 55. Rc7+ Ke6 56. Re7+ Kxe7 57. Nf5+ Ke6 58. Nxh4 Nd3 59. Bd2 Kd5 60. Ng2 Ke4 61. Ne1 Ne5 62. Kg2 Be2 63. f3+ Bxf3+ 64. Kf2 Bd1 65. b4 Nc4 66. Bg5 d3 67. Ng2 d2 68. Bxd2 Nxd2 69. Ke1 Bf3 70. Kxd2 Bxg2 71. a4 Kd5 72. b5 a5 73. b6 Kc6 74. b7 Kxb7 75. Kc3 Kc6 76. Kb2 Kc5 77. Ka1 Kb4 78. Kb2 Bd5 79. Ka1 Ka3 80. Kb1 Bb3 81. Ka1 Kb4 82. Kb1 Kc3 83. Ka1 Bc2 84. Ka2 Kb4 85. Kb2 Bxa4 86. Ka1 Bb3 87. Kb1 a4 88. Ka1 a3 89. Kb1 a2+ 90. Ka1 Ka3 1/2-1/2

[Event "Titled Tuesday intern op 01st Aug Late"]
[Site "Chess.com INT"]
[Date "2023.08.01"]
[Round "9"]
[White "Zierk, Steven C"]
[Black "He, Anthony B"]
[Result "1-0"]
[WhiteElo "2488"]
[BlackElo "2501"]
[PlyCount "123"]
[EventDate "2023.08.01"]
[EventType "swiss (blitz)"]
[EventRounds "11"]
[EventCountry "USA"]
[SourceTitle "EXT 2024"]
[Source "ChessBase"]
[SourceDate "2023.10.10"]
[SourceVersion "1"]
[SourceVersionDate "2023.10.10"]
[SourceQuality "1"]

1. e4 c5 2. Nf3 Nc6 3. Bb5 g6 4. 0-0 Bg7 5. c3 Nf6 6. Re1 0-0 7. d4 d5 8. e5 Ne4 9. Be3 Qb6 10. a4 cxd4 11. cxd4 a6 12. Bxc6 bxc6 13. Nbd2 Bg4 14. Qc2 Rab8 15. Nxe4 dxe4 16. Qxe4 Bf5 17. Qh4 h5 18. Qxe7 Qxb2 19. Ng5 Qb4 20. Qa7 Ra8 21. Qc7 Rac8 22. Qd6 Qxd6 23. exd6 Rfd8 24. Bf4 Bxd4 25. Rad1 c5 26. Nf3 Bc3 27. Re3 Bb4 28. Bg5 c4 29. Bxd8 Rxd8 30. Ne5 c3 31. Nc6 c2 32. Rf1 Rxd6 33. Nxb4 a5 34. Na2 Rd1 35. Nc1 Rd4 36. Ra3 Bd7 37. f3 Bxa4 38. Kf2 Bb5 39. Re1 Rd2+ 40. Ke3 Rd1 41. Kf2 Rd2+ 42. Kg3 Rd1 43. Rae3 Bc4 44. Re4 Bd5 45. R4e2 a4 46. Kf2 Bb3 47. Re3 Kg7 48. Ke2 Bc4+ 49. Kf2 Bb3 50. Rc3 Rd2+ 51. Re2 Rd1 52. Rexc2 Bxc2 53. Rxc2 a3 54. g3 h4 55. gxh4 Kh6 56. Ne2 Kh5 57. Kg3 Ra1 58. Rc8 Kh6 59. Ra8 f5 60. Nf4 a2 61. Kg2 g5 62. Ra6+ 1-0

[Event "Titled Tuesday intern op 25th Jul Late"]
[Site "Chess.com INT"]
[Date "2023.07.25"]
[Round "9"]
[White "He, Anthony B"]
[Black "Gubajdullin, Alexey"]
[Result "1-0"]
[WhiteElo "2501"]
[BlackElo "2266"]
[PlyCount "65"]
[EventDate "2023.07.25"]
[EventType "swiss (blitz)"]
[EventRounds "11"]
[EventCountry "USA"]
[SourceTitle "EXT 2024"]
[Source "ChessBase"]
[SourceDate "2023.10.10"]
[SourceVersion "1"]
[SourceVersionDate "2023.10.10"]
[SourceQuality "1"]

1. d4 Nf6 2. Nc3 g6 3. Bf4 Bg7 4. e4 0-0 5. h4 h5 6. e5 Nh7 7. Bc4 c6 8. Nf3 d5 9. Bd3 Bg4 10. Qd2 e6 11. Ng5 c5 12. f3 Bf5 13. Bxf5 exf5 14. dxc5 d4 15. Nb5 Nc6 16. 0-0-0 Nxe5 17. Nxd4 Nc4 18. Qc3 Qd5 19. b3 Na3 20. Qb4 Rfc8 21. Nde6 Qc6 22. Nxg7 Qxc5 23. Rd8+ Kxg7 24. Qxc5 Rxc5 25. Rxa8 Rxc2+ 26. Kd1 Rxa2 27. Re1 Nb5 28. Re7 Nxg5 29. hxg5 Nc3+ 30. Ke1 Ra1+ 31. Kd2 Nb1+ 32. Kc2 Ra5 33. Kxb1 1-0

[Event "Titled Tuesday intern op 25th Jul Late"]
[Site "Chess.com INT"]
[Date "2023.07.25"]
[Round "10"]
[White "He, Anthony B"]
[Black "Nihal, Sarin"]
[Result "0-1"]
[WhiteElo "2501"]
[BlackElo "2688"]
[PlyCount "82"]
[EventDate "2023.07.25"]
[EventType "swiss (blitz)"]
[EventRounds "11"]
[EventCountry "USA"]
[SourceTitle "EXT 2024"]
[Source "ChessBase"]
[SourceDate "2023.10.10"]
[SourceVersion "1"]
[SourceVersionDate "2023.10.10"]
[SourceQuality "1"]

1. d4 d5 2. Nc3 e6 3. Bf4 Nf6 4. Nb5 Bb4+ 5. c3 Ba5 6. b4 Bb6 7. a4 a5 8. e3 0-0 9. Bd3 c6 10. Na3 Nbd7 11. Nf3 Bc7 12. Bg3 Re8 13. b5 e5 14. dxe5 Nxe5 15. Nxe5 Bxe5 16. Bxe5 Rxe5 17. 0-0 Qe7 18. c4 Bg4 19. Qc2 Rd8 20. bxc6 bxc6 21. cxd5 Rexd5 22. Bc4 Rd2 23. Qb3 h5 24. h3 Bf5 25. Nb1 Bxb1 26. Raxb1 Ne4 27. Qb7 Qxb7 28. Rxb7 Nd6 29. Ba6 Nxb7 30. Bxb7 c5 31. Bf3 h4 32. Rc1 Rc8 33. Rc4 Rb2 34. Rxh4 c4 35. Bg4 Rc7 36. Bf5 g6 37. Be4 c3 38. Rg4 Rb4 39. Bc2 Rxg4 40. hxg4 Rb7 41. Kf1 Rb2 0-1

[Event "Titled Tuesday intern op 18th Jul Early"]
[Site "Chess.com INT"]
[Date "2023.07.18"]
[Round "11"]
[White "Harsh, Suresh"]
[Black "He, Anthony B"]
[Result "0-1"]
[WhiteElo "2324"]
[BlackElo "2501"]
[PlyCount "118"]
[EventDate "2023.07.18"]
[EventType "swiss (blitz)"]
[EventRounds "11"]
[EventCountry "USA"]
[SourceTitle "EXT 2024"]
[Source "ChessBase"]
[SourceDate "2023.10.10"]
[SourceVersion "1"]
[SourceVersionDate "2023.10.10"]
[SourceQuality "1"]

1. d4 Nf6 2. c4 g6 3. Nc3 d5 4. Bg5 Bg7 5. e3 c5 6. Nf3 cxd4 7. Nxd4 dxc4 8. Bxc4 0-0 9. 0-0 Nbd7 10. Nf3 a6 11. a4 b6 12. Bd5 Ra7 13. Qe2 h6 14. Bh4 e6 15. Bb3 Nc5 16. Rfd1 Rd7 17. Bc2 a5 18. Rxd7 Qxd7 19. Rd1 Qe7 20. Nd4 Ba6 21. Qf3 Bb7 22. Qe2 Rd8 23. Nb3 Ncd7 24. Ne4 g5 25. Nd6 Bd5 26. Bg3 Bxb3 27. Bxb3 Nc5 28. Bc2 Nd5 29. Nb5 Bxb2 30. h4 gxh4 31. Qg4+ Qg5 32. Qxh4 Qxh4 33. Bxh4 Rc8 34. e4 Nb4 35. Rd2 Bc1 36. Re2 Bg5 37. Bg3 Nd7 38. Bb3 Rc1+ 39. Kh2 Nc5 40. Ba2 Ra1 41. Bc4 Rc1 42. Nd6 Nxa4 43. Bb5 Nc3 44. Be8 Nxe2 45. Bxf7+ Kf8 46. Bxe6 Nxg3 47. fxg3 Rc6 48. e5 Be7 49. Bf5 Bxd6 50. exd6 Rxd6 51. g4 a4 52. Kg3 a3 53. Kh4 a2 54. Kh5 a1Q 55. g5 Qh1+ 56. Bh3 hxg5 57. Kxg5 Qc1+ 58. Kh4 Qf4+ 59. Bg4 Rh6# 0-1

[Event "Titled Tuesday intern op 18th Jul Late"]
[Site "Chess.com INT"]
[Date "2023.07.18"]
[Round "10"]
[White "Martinez Alcantara, Jose Eduardo"]
[Black "He, Anthony B"]
[Result "1-0"]
[WhiteElo "2619"]
[BlackElo "2501"]
[PlyCount "77"]
[EventDate "2023.07.18"]
[EventType "swiss (blitz)"]
[EventRounds "11"]
[EventCountry "USA"]
[SourceTitle "EXT 2024"]
[Source "ChessBase"]
[SourceDate "2023.10.10"]
[SourceVersion "1"]
[SourceVersionDate "2023.10.10"]
[SourceQuality "1"]

1. e4 c6 2. d4 d5 3. e5 c5 4. dxc5 e6 5. c3 Nc6 6. Nf3 Bxc5 7. Bd3 Nge7 8. 0-0 Qc7 9. Qe2 a6 10. Bf4 Bd7 11. Bg3 Ba7 12. Nbd2 Ng6 13. Rac1 0-0 14. h4 f6 15. Bxg6 hxg6 16. c4 fxe5 17. cxd5 exd5 18. Nxe5 Rae8 19. Ndf3 Bg4 20. Nxc6 Qxg3 21. Nxa7 Bxf3 22. Qxf3 Qxf3 23. gxf3 Rxf3 24. Rc8 Rff8 25. Rfc1 Kh7 26. Rxe8 Rxe8 27. Rc2 Re4 28. Nc8 Rxh4 29. Rd2 d4 30. Nd6 b5 31. Nb7 g5 32. Nc5 Kg6 33. Nb3 Kf5 34. Nxd4+ Ke4 35. Ne6 g4 36. Kg2 g6 37. Nc5+ Ke5 38. Nxa6 Rh7 39. Nc5 1-0

[Event "Titled Tuesday intern op 18th Jul Late"]
[Site "Chess.com INT"]
[Date "2023.07.18"]
[Round "6"]
[White "Nakamura, Hikaru"]
[Black "He, Anthony B"]
[Result "1-0"]
[WhiteElo "2787"]
[BlackElo "2501"]
[PlyCount "77"]
[EventDate "2023.07.18"]
[EventType "swiss (blitz)"]
[EventRounds "11"]
[EventCountry "USA"]
[SourceTitle "EXT 2024"]
[Source "ChessBase"]
[SourceDate "2023.10.10"]
[SourceVersion "1"]
[SourceVersionDate "2023.10.10"]
[SourceQuality "1"]

1. e4 c6 2. d3 d5 3. Nf3 Qc7 4. g3 e5 5. Bg2 Bd6 6. 0-0 Ne7 7. Re1 0-0 8. Nc3 d4 9. Nb1 c5 10. a4 Nbc6 11. Na3 Qd8 12. Nc4 Bc7 13. Nh4 Be6 14. Rf1 a6 15. a5 Ng6 16. Nf5 Nxa5 17. Nxa5 Bxa5 18. Qh5 Bc7 19. h4 Kh8 20. b3 f6 21. Qf3 Ne7 22. h5 Qd7 23. g4 Rf7 24. Qg3 g6 25. hxg6 hxg6 26. Qh4+ Kg8 27. Nh6+ Kg7 28. Nxf7 Kxf7 29. g5 f5 30. f4 Kg8 31. fxe5 Bxe5 32. Bf4 Bg7 33. Rae1 Rf8 34. Bg3 b6 35. Qf4 Rf7 36. Qd6 Qxd6 37. Bxd6 Nc8 38. exf5 Bd7 39. Bd5 1-0

[Event "Titled Tuesday intern op 18th Jul Early"]
[Site "Chess.com INT"]
[Date "2023.07.18"]
[Round "9"]
[White "Theodorou, Nikolas"]
[Black "He, Anthony B"]
[Result "0-1"]
[WhiteElo "2586"]
[BlackElo "2501"]
[PlyCount "92"]
[EventDate "2023.07.18"]
[EventType "swiss (blitz)"]
[EventRounds "11"]
[EventCountry "USA"]
[SourceTitle "EXT 2024"]
[Source "ChessBase"]
[SourceDate "2023.10.10"]
[SourceVersion "1"]
[SourceVersionDate "2023.10.10"]
[SourceQuality "1"]

1. Nf3 Nf6 2. b3 g6 3. Bb2 Bg7 4. g3 d6 5. d4 c5 6. dxc5 Qa5+ 7. Nbd2 Qxc5 8. Bd4 Qa5 9. Bg2 Nc6 10. Bb2 0-0 11. 0-0 Bf5 12. c4 Rfd8 13. a3 d5 14. b4 Qc7 15. c5 a6 16. Qb3 e5 17. Rac1 Be6 18. Ng5 Bg4 19. Rfe1 h6 20. h3 Bxe2 21. Rxe2 hxg5 22. Nf3 Ne4 23. Rd1 Ne7 24. Rxe4 dxe4 25. Rxd8+ Rxd8 26. Nxg5 Nc6 27. Bxe4 Bf6 28. Nf3 Qd7 29. Kg2 Nd4 30. Bxd4 exd4 31. Bxg6 d3 32. Be4 d2 33. Qd1 Kg7 34. a4 Qe7 35. Bc2 Bc3 36. Nh4 Qg5 37. Qf3 Qd5 38. Nf5+ Kf6 39. Qxd5 Rxd5 40. Ne3 Rd8 41. b5 Bd4 42. bxa6 bxa6 43. Ng4+ Ke6 44. c6 Kd6 45. Nh6 Kxc6 46. Nxf7 Rf8 0-1